000
002810000a22000970004500
100
1
_a
Ramírez, Alonzo
245
1
0
_a
El movimiento de escuela dominical y la niñez trabajadora
300
_a
Vol. 17, Num 1 (Junio, 1997), Páginas 109-121
773
0
_t
Vida y pensamiento
942
_c
ANA
999
_c
53076
_d
53076